000 01108pam a2200313 a 4500
001 2878385
003 ARRUPE
005 20151014095414.0
008 860508s1986 enk b 001 0 eng
010 _a 86012947
020 _a0521241782
020 _a0521339537 (pbk.)
040 _aDLC
_cDLC
_dDLC
041 1 _aengger
050 0 0 _aB3248.G34
_bG33 1986
082 0 0 _a111/.85
_219
100 1 _aGadamer, Hans-Georg,
_d1900-2002.
_920263
240 1 0 _aEssays.
_kSelections
_lEnglish
245 1 4 _aThe relevance of the beautiful and other essays /
_cHans-Georg Gadamer ; translated by Nicholas Walker ; edited with an introduction by Robert Bernasconi.
260 _aCambridge [Cambridgeshire] ;
_aNew York :
_bCambridge University Press,
_c1986.
300 _axxiii, 191 p. ;
_c22 cm.
500 _aSelection of essays previously untranslated from the German.
500 _aIncludes index.
504 _aBibliography: p. [171]-181.
650 0 _aAesthetics.
_920264
700 1 _aBernasconi, Robert.
_920218
906 _a7
_bcbc
_corignew
_d1
_eocip
_f19
_gy-gencatlg
942 _2lcc
_cMONOGRAPH
999 _c123509
_d123509